Countries by Cheese Quiz Stats

 Plays Quiz not verified by Sporcle

Score 0/40 Timer 05:00
0 Plays Today
Rank Country % Correct
Top Cheese ProducersFrance
98.5%
Top Cheese ExportersFrance
98.5%
Top Cheese ConsumersFrance
98.5%
Top Cheese ProducersUnited States
97.9%
Top Cheese ConsumersUnited States
97.9%
Top Cheese ProducersItaly
96.5%
Top Cheese ExportersItaly
96.5%
Top Cheese ConsumersItaly
96.5%
Top Cheese ExportersUnited Kingdom
96.4%
Top Cheese ConsumersUnited Kingdom
96.4%
Top Cheese ProducersGermany
94.7%
Top Cheese ExportersGermany
94.7%
Top Cheese ConsumersGermany
94.7%
Top Cheese ConsumersCanada
93.9%
Top Cheese ConsumersSweden
88.8%
Top Cheese ConsumersSwitzerland
88.2%
Top Cheese ConsumersGreece
87.6%
Top Cheese ProducersNetherlands
87.4%
Top Cheese ExportersNetherlands
87.4%
Top Cheese ConsumersNetherlands
87.4%
Rank Country % Correct
Top Cheese ExportersDenmark
87.1%
Top Cheese ExportersDenmark
87.1%
Top Cheese ConsumersNorway
86.4%
Top Cheese ProducersAustralia
86.2%
Top Cheese ExportersAustralia
86.2%
Top Cheese ConsumersAustralia
86.2%
Top Cheese ProducersPoland
84.3%
Top Cheese ProducersBrazil
83.8%
Top Cheese ConsumersFinland
82.6%
Top Cheese ConsumersAustria
82.1%
Top Cheese ProducersArgentina
81.2%
Top Cheese ConsumersArgentina
81.2%
Top Cheese ExportersIreland
77%
Top Cheese ConsumersTurkey
76.4%
Top Cheese ExportersNew Zealand
76.2%
Top Cheese ConsumersHungary
64%
Top Cheese ConsumersCzech Republic
61.7%
Top Cheese ConsumersIceland
57.9%
Top Cheese ProducersEgypt
52.3%
Top Cheese ConsumersIsrael
49.8%

You're not logged in!

Compare scores with friends on all Sporcle quizzes.
OR
Log In

You Might Also Like...

Show Comments

Extras

Created May 20, 2012ReportNominate
Tags:cheese

Top Quizzes Today


Score Distribution

Your Account Isn't Verified!

In order to create a playlist on Sporcle, you need to verify the email address you used during registration. Go to your Sporcle Settings to finish the process.

Report this User

Report this user for behavior that violates our Community Guidelines.

Details: